Legislación electoral : diputados a Cortes y concejales, senadores y diputados provinciales / concordada, anotada y completada por la Redacción de la Revista de los tribunales diputados a Cortes y concejales, senadores y diputados provinciales / concordada, anotada y completada por la Redacción de la Revista de los tribunales
Descripción Física:
176, 29 p. ; 15 cm
Otros Autores:
Revista de los Tribunales (Redacción)
Materias:
Dret electoral -- Legislació -- Espanya
MARC
| LEADER | 00000nam a2200000Ia 4500 | ||
|---|---|---|---|
| 001 | 14338 | ||
| 008 | 160829s1931 xx 000 0 cat d | ||
| 080 | |a D-2-190 | ||
| 100 | |a Espanya. Lleis, etc. |9 23269 | ||
| 245 | |a Legislación electoral : |b diputados a Cortes y concejales, senadores y diputados provinciales / concordada, anotada y completada por la Redacción de la Revista de los tribunales | ||
| 250 | |a 4a ed. | ||
| 260 | |a Madrid : |b Góngora, |c 1931 | ||
| 300 | |a 176, 29 p. ; |c 15 cm | ||
| 490 | |a Biblioteca de bolsillo. Códigos y leyes anotados | ||
| 650 | |a Dret electoral |x Legislació |x Espanya |9 40999 | ||
| 700 | |a Revista de los Tribunales (Redacción) |9 28362 | ||
| 901 | |a Arxiu | ||
| 942 | |n 1 | ||
| 952 | |0 0 |1 0 |4 0 |6 D2190 |7 1 |9 44793 |a Arxiu |b Arxiu |d 2016-12-01 |l 0 |o D-2-190 |p 14338 |r 2016-12-01 00:00:00 |w 2016-12-01 |y ARXIU | ||
| 999 | |c 47377 |d 47377 | ||